[Event "Dublin-ch Final Weekender 100th"]
[Site "Dublin"]
[Date "2021.08.22"]
[Round "5"]
[White "Gonnelly, Mark"]
[Black "Ivanov, Andrey Ev"]
[Result "1-0"]
[WhiteElo "1645"]
[BlackElo "1025"]
[PlyCount "63"]
[EventDate "2021.08.20"]
[EventType "swiss"]
[EventRounds "5"]
[EventCountry "IRL"]
[SourceTitle "CBM 204 Extra"]
[Source "ChessBase"]
[SourceDate "2021.11.30"]
[SourceVersion "1"]
[SourceVersionDate "2021.11.30"]
[SourceQuality "1"]

1. e4 c5 2. Nc3 g6 3. f4 Bg7 4. Nf3 Nc6 5. Bb5 e6 6. Bxc6 bxc6 7. e5 Ne7 8. Ne4 0-0 9. Nxc5 d6 10. exd6 Qxd6 11. d4 Rd8 12. c3 Nd5 13. 0-0 Rb8 14. Qe1 Re8 15. Qh4 Qe7 16. Qxe7 Rxe7 17. Ne5 Rc7 18. Re1 Bf8 19. Ned3 Bd6 20. g3 Nf6 21. b3 Nd7 22. Be3 Bxc5 23. Nxc5 Nxc5 24. dxc5 Ba6 25. Rad1 Rcc8 26. Rd6 Rd8 27. Rxc6 Bb5 28. Rd6 Kf8 29. Red1 Ke7 30. Kf2 h5 31. c4 Be8 32. Ke2 1-0